000 00665nam a2200253Ia 4500
003 OSt
005 20221007082443.0
006 a|||||r|||| 00| 0
007 ta
008 221006b |||||||| |||| 00| 0 eng d
024 _a14,522
037 _cReports / Technical Reports
040 _aFLL
_cFLL
_beng
041 _2eng
_aeng
082 _aX:54.2.N83t, M2.1
110 _aGovt. of india
245 0 _aImpact and export policy april 1982-march 1983
260 _c1982
300 _a269p
_ccm.
490 _vVol.1
700 _aGovt. of india
942 _hX:54.2.N83t, M2.1
_cREP
_2CC
999 _c1166476
_d1166476